| 000 | 00879nam a2200205Ia 4500 | ||
|---|---|---|---|
| 003 | IN-BaIIA | ||
| 008 | 211028s9999 xx 000 0 eng d | ||
| 020 | _a0-89252-272-0 | ||
| 040 | _cIIA Library | ||
| 080 |
_a535.41(082.1) _bAPP |
||
| 111 |
_aSociety of Photo-Optical instrumentation Engineers _cSan Diego _d1980 July 29-30, _914234 |
||
| 245 | 0 |
_aApplication of speckle phonomena _bproceedings of the society of photo-opt.ical instrumentation engineers, held in San Diego, California, July 29-30, 1980 _cedited by William H Carter |
|
| 260 |
_aWashington _bSociety of Photo-Optical Instrumentation Engineers _c1980 |
||
| 300 | _a[various pagings.] | ||
| 650 | _aAstronomy and Astrophysics thesaurus | ||
| 650 |
_aInterferometry _93249 |
||
| 650 |
_aSpeckle interferometry _93250 |
||
| 700 |
_aCarter, William H., ed. _914235 |
||
| 942 | _cBK | ||
| 999 |
_c8495 _d8495 |
||